ប្រសិទ្ធិភាពការប្រើប្រាស់ទឺកនៃផលិតកម្មដំណាំស្រូវនៅព្រះរាជាណាចក្រកម្ពូជា (water use efficiency of rice production in cambodia) (Record no. 307)

000 -LEADER
fixed length control field 00648nam a22001577a 4500
003 - CONTROL NUMBER IDENTIFIER
control field OSt
005 - DATE AND TIME OF LATEST TRANSACTION
control field 20150912141756.0
008 - FIXED-LENGTH DATA ELEMENTS--GENERAL INFORMATION
fixed length control field 150912b xxu||||| |||| 00| 0 eng d
040 ## - CATALOGING SOURCE
Transcribing agency RUA
082 ## - DEWEY DECIMAL CLASSIFICATION NUMBER
Classification number AGR រស់ 1996 B015 Or.1
100 ## - MAIN ENTRY--PERSONAL NAME
9 (RLIN) 330
Personal name រស់ ពិសុទ្ធ
245 ## - TITLE STATEMENT
Title ប្រសិទ្ធិភាពការប្រើប្រាស់ទឺកនៃផលិតកម្មដំណាំស្រូវនៅព្រះរាជាណាចក្រកម្ពូជា (water use efficiency of rice production in cambodia)
260 ## - PUBLICATION, DISTRIBUTION, ETC. (IMPRINT)
Place of publication, distribution, etc. Phnom Penh
Name of publisher, distributor, etc. RUA
Date of publication, distribution, etc. 1996
300 ## - PHYSICAL DESCRIPTION
Extent 58p.
Other physical details ill.
Dimensions 29cm.
942 ## - ADDED ENTRY ELEMENTS (KOHA)
Source of classification or shelving scheme
Koha item type AGR
Holdings
Price effective from Date last seen Permanent Location Not for loan Date acquired Source of classification or shelving scheme Koha item type Lost status Withdrawn status Total Renewals Date last checked out Total Checkouts Shelving location Damaged status Barcode Current Location Full call number
2015-09-122016-07-15Library Block B 2015-09-12 AGR  12016-06-211B015 RUA003605Library Block BAGR រស់ 1996 B015 Or.1
2015-09-122025-01-22Library Block B 2015-09-12 AGR   2024-12-133B015 RUA003749Library Block BAGR រស់ 1996 B015 Or.2
2015-09-122015-09-12Library Block B 2015-09-12 AGR     B015 RUA003821Library Block BAGR រស់ 1996 B015 Or.3
2015-09-122015-09-12Library Block B 2015-09-12 AGR     B015 RUA003611Library Block BAGR រស់ 1996 B015 Or.4
2015-09-122023-10-20Library Block B 2015-09-12 AGR   2023-09-203B015 RUA007327Library Block BAGR រស់ 1996 B015 Or.5
មជ្ឈមណ្ឌលឯការនៃសាកលវិទ្យាល័យភូមិន្ទកសិកម្មចំការដូង

Powered by Koha